Help! for writers : (Record no. 74923)
[ view plain ]
| 000 -LEADER | |
|---|---|
| campo de control de longitud fija | 02273cam a22003974a 4500 |
| 001 - NÚMERO DE CONTROL | |
| campo de control | 118153 |
| 005 - FECHA Y HORA DE LA ÚLTIMA TRANSACCIÓN | |
| campo de control | 20230410130455.0 |
| 008 - DATOS DE LONGITUD FIJA--INFORMACIÓN GENERAL | |
| campo de control de longitud fija | 110201s2011 nyu 001 0 eng |
| 035 ## - NÚMERO DE CONTROL DEL SISTEMA | |
| Número de control de sistema | 16632199 |
| 010 ## - NÚMERO DE CONTROL DE LA BIBLIOTECA DEL CONGRESO | |
| Número de control de LC | 2011004683 |
| 016 7# - NÚMERO DE CONTROL DE UNA AGENCIA BIBLIOGRÁFICA NACIONAL | |
| Número de control del registro | 015868719 |
| Fuente | Uk |
| 020 ## - NÚMERO INTERNACIONAL ESTÁNDAR DEL LIBRO | |
| Número Internacional Estándar del Libro | 9780316126717 |
| 020 ## - NÚMERO INTERNACIONAL ESTÁNDAR DEL LIBRO | |
| Número Internacional Estándar del Libro | 0316126713 |
| 035 ## - NÚMERO DE CONTROL DEL SISTEMA | |
| Número de control de sistema | (OCoLC)ocn701330642 |
| 040 ## - FUENTE DE CATALOGACIÓN | |
| Centro catalogador/agencia de origen | DLC |
| Centro/agencia transcriptor | DLC |
| Centro/agencia modificador | YDX |
| -- | UKMGB |
| -- | CD5 |
| -- | YDXCP |
| -- | VP@ |
| -- | BWX |
| -- | ABG |
| -- | CDX |
| -- | DLC |
| 041 ## - CÓDIGO DE IDIOMA | |
| Código de lengua del texto/banda sonora o título independiente | Eng |
| 042 ## - CÓDIGO DE AUTENTICACIÓN | |
| Código de autenticación | pcc |
| 050 14 - SIGNATURA TOPOGRÁFICA DE LA BIBLIOTECA DEL CONGRESO | |
| Número de clasificación | PE1404 |
| Número de ítem | .C594 2011 |
| 050 14 - SIGNATURA TOPOGRÁFICA DE LA BIBLIOTECA DEL CONGRESO | |
| Número de clasificación | PE 1404 |
| Número de ítem | C594h 2011 |
| 082 00 - NÚMERO DE LA CLASIFICACIÓN DECIMAL DEWEY | |
| Número de clasificación | 808/.042 |
| Número de edición | 22 |
| 100 1# - ENTRADA PRINCIPAL--NOMBRE DE PERSONA | |
| Nombre de persona | Clark, Roy Peter. |
| 245 10 - MENCIÓN DEL TÍTULO | |
| Título | Help! for writers : |
| Resto del título | 210 solutions to the problems every writer faces / |
| Mención de responsabilidad, etc. | Roy Peter Clark. |
| 250 ## - MENCION DE EDICION | |
| Mención de edición | 1st ed. |
| 260 ## - PUBLICACIÓN, DISTRIBUCIÓN, ETC. | |
| Lugar de publicación, distribución, etc. | New York : |
| Nombre del editor, distribuidor, etc. | Little, Brown and Co., |
| Fecha de publicación, distribución, etc. | 2011. |
| 300 ## - DESCRIPCIÓN FÍSICA | |
| Extensión | viii, 296 p. ; |
| Dimensiones | 22 cm. |
| 500 ## - NOTA GENERAL | |
| Nota general | Includes index. |
| 505 0# - NOTA DE CONTENIDO CON FORMATO | |
| Nota de contenido con formato | The seven steps of the writing process -- How to get Help! -- Getting started. I can't think of anything to write ; I hate writing assignments and other people's ideas ; I have trouble doing all the research -- Getting your act together. My work habits are so disorganized ; I can never find what I need when I need it ; I have too much material to handle -- Finding focus. I don't know what my story is really about ; I have trouble with the beginning ; I have problems selecting my best stuff -- Looking for language. My vocabulary is so limited ; My early drafts are littered with clichâes ; My words don't make things clear -- Building a draft. I am totally blocked ; I can't stop procrastinating ; I have trouble working from a plan -- Assessing your progress. I'm slow and miss my deadlines ; My middles sag ; It never ends well -- Making it better. I don't know what to revise and run out of time ; My work is way too long ; I resent criticism and editing -- Keeping the faith -- 25 favorite writing books. |
| 650 #0 - PUNTO DE ACCESO ADICIONAL DE MATERIA--TÉRMINO DE MATERIA | |
| Término de materia o nombre geográfico como elemento de entrada | English language |
| Subdivisión general | Rhetoric. |
| 650 #0 - PUNTO DE ACCESO ADICIONAL DE MATERIA--TÉRMINO DE MATERIA | |
| Término de materia o nombre geográfico como elemento de entrada | Report writing. |
| 650 #4 - PUNTO DE ACCESO ADICIONAL DE MATERIA--TÉRMINO DE MATERIA | |
| Término de materia o nombre geográfico como elemento de entrada | Inglés |
| Subdivisión general | Retórica. |
| 650 #4 - PUNTO DE ACCESO ADICIONAL DE MATERIA--TÉRMINO DE MATERIA | |
| Término de materia o nombre geográfico como elemento de entrada | 20150700 |
| 856 42 - LOCALIZACIÓN Y ACCESO ELECTRÓNICOS | |
| Materiales especificados | Contributor biographical information |
| Identificador Uniforme de Recursos | <a href="http://www.loc.gov/catdir/enhancements/fy1205/2011004683-b.html">http://www.loc.gov/catdir/enhancements/fy1205/2011004683-b.html</a> |
| 856 42 - LOCALIZACIÓN Y ACCESO ELECTRÓNICOS | |
| Materiales especificados | Publisher description |
| Identificador Uniforme de Recursos | <a href="http://www.loc.gov/catdir/enhancements/fy1205/2011004683-d.html">http://www.loc.gov/catdir/enhancements/fy1205/2011004683-d.html</a> |
| 942 ## - ELEMENTOS DE ENTRADA SECUNDARIOS (KOHA) | |
| Fuente del sistema de clasificación o colocación | Clasificación de Library of Congress |
| Tipo de ítem Koha | |
| 946 ## - PROCESAMIENTO DE INFORMACIÓN LOCAL (OCLC) | |
| a | dvf |
| Estatus retirado | Estado de pérdida | Fuente del sistema de clasificación o colocación | Estado de daño | No para préstamo | Colección | Biblioteca de origen | Biblioteca actual | Ubicación en estantería | Fecha de adquisición | Serial enumeration / chronology | Signatura topográfica completa | Código de barras | Visto por última vez | Copia número | Tipo de ítem Koha |
|---|---|---|---|---|---|---|---|---|---|---|---|---|---|---|---|
| Clasificación de Library of Congress | Humanidades | Biblioteca Juan Bosch | Biblioteca Juan Bosch | Humanidades (4to. Piso) | 10/04/2023 | 1 | PE1404 .C594 2011 | PE 1404 C594h 2011 | 00000111137 | 25/10/2018 | 1 |
